000 01252 a2200217 4500
001 62493
005 20260407155918.0
008 260407a2003 arg spa d
003 AR-UNSa-BCEJYS
040 _aAR-UNSa-BCEJYS
_bspa
_cAR-UNSa-BCEJYS
080 _a338.246
_xMedidas económicas. Instrumentos de la política económica (Privatización))
245 1 0 _aLas privatizaciones en la Argentina
_pDiagnóstico y propuestas para una mayor competitividad y equidad social
020 _a978-84-95294-45-6
264 1 _aBuenos Aires :
_bFundación OSDE
_c2003
300 _a344 p.
_c22 cm.
505 _a1. Las privatizaciones y sus impactos macroeconómicos, institucionales y sociales - 2. Las principales problemáticas y especificidades sectoriales en el ámbito de las áreas-mercados privatizados – 3. Formulación de medidas y acciones específicas de corto plazo. Lineamientos generales – 4. Lineamientos de políticas públicas en el plano agregado de los servicios privatizados – 5. La renegociación del conjunto de los contratos con las empresas privatizadas bajo la administración de Duhalde – 6. Reflexiones finales.
041 _aspa
942 _cBK
590 _aniveau_biblio:m niveau_hierar:0
100 1 _aAzpiazu, Daniel
999 _c7687
_d7687